000 00550nam a2200193Ia 4500
003 IN-BaIIA
008 211028s9999 xx 000 0 eng d
040 _cIIA Library
080 _a059(54)
_bSWA
100 _aSwamikannu Pillai, L. D.
_9861
245 3 _aAn Indian ephemeris
_bA.D. 1800 to A.D. 2000
_cL. D. Swamikannu Pillai
260 _aMadras
_bGrant and Compay
300 _axx,432p.
650 _aAlmanacs
_9862
650 _aAstronomy and Astrophysics Thesaurus
650 _aEphemeris
_9863
650 _aIndian Ephemeris
_9864
942 _cBK
999 _c386
_d386